Introduction to chemical engineering thermodynamics (Record no. 8190)

000 -LEADER
fixed length control field 00630nam a2200229 4500
001 - CONTROL NUMBER
control field 8190
003 - CONTROL NUMBER IDENTIFIER
control field BD-DhUET
008 - FIXED-LENGTH DATA ELEMENTS--GENERAL INFORMATION
fixed length control field 740723s1975 nyua b 001 0 eng
020 ## - INTERNATIONAL STANDARD BOOK NUMBER
International Standard Book Number 0070587019
040 ## - CATALOGING SOURCE
Original cataloging agency DLC
Transcribing agency DLC
Modifying agency BD-DhUET
082 ## - DEWEY DECIMAL CLASSIFICATION NUMBER
Classification number 660.2969
Item number SMI/1975
100 1# - MAIN ENTRY--PERSONAL NAME
Personal name Smith, J. M.
245 10 - TITLE STATEMENT
Title Introduction to chemical engineering thermodynamics
250 ## - EDITION STATEMENT
Edition statement 3rd ed.
260 ## - PUBLICATION, DISTRIBUTION, ETC. (IMPRINT)
Place of publication, distribution, etc. Tokyo
Name of publisher, distributor, etc. McGraw-Hill
Date of publication, distribution, etc. 1975
300 ## - PHYSICAL DESCRIPTION
Extent xv,632p.
Other physical details ill.
Dimensions 25 cm.
490 0# - SERIES STATEMENT
Series statement McGraw-Hill chemical engineering series
504 ## - BIBLIOGRAPHY, ETC. NOTE
Bibliography, etc Includes bibliographies
650 #0 - SUBJECT ADDED ENTRY--TOPICAL TERM
Topical term or geographic name as entry element Chemical thermodynamics
700 1# - ADDED ENTRY--PERSONAL NAME
Personal name Van Ness, H. C.
942 ## - ADDED ENTRY ELEMENTS (KOHA)
Koha item type General Book
Holdings
Koha date last seen Price effective from Location (home branch) Sublocation or collection (holding branch) Koha normalized classification for sorting Piece designation (barcode) Damaged status Date acquired Withdrawn status Koha date last borrowed Source of classification or shelving scheme Lost status Not for loan Koha item type Shelving location Koha full call number Koha issues (times borrowed) Copy number
2019-08-252015-01-19Central Library, BUETCentral Library, BUET660_296900000000000_SMI_197542516 2015-01-19 2019-07-24   General BookCirculation section660.2969/SMI/197521
2017-08-212015-03-01Central Library, BUETCentral Library, BUET660_296900000000000_SMI_197551231 2015-03-01     General BookCirculation section660.2969/SMI/1975 2
2015-06-182015-06-18Central Library, BUETCentral Library, BUET660_296900000000000_SMI_197544427 2015-06-18     Reading ItemReading section660.2969/SMI/1975 3
2015-06-202015-06-20Central Library, BUETCentral Library, BUET660_296900000000000_SMI_197565887 2015-06-20     Reading ItemReading section660.2969/SMI/1975 4
2015-06-202015-06-20Central Library, BUETCentral Library, BUET660_296900000000000_SMI_197565888 2015-06-20     Reading ItemReading section660.2969/SMI/1975 5